Pokemon starting with the letter L - Statistics

General Stats
  • This quiz has been taken 14 times
  • The average score is 32 of 40
Answer Stats
Gen Answer % Correct
6 Litleo
100%
5 Lampent
89%
5 Landorus
89%
2 Lanturn
89%
1 Lapras
89%
3 Latias
89%
3 Latios
89%
2 Ledian
89%
2 Ledyba
89%
4 Lickilicky
89%
1 Lickitung
89%
5 Liepard
89%
3 Lotad
89%
3 Ludicolo
89%
4 Luxio
89%
5 Larvesta
78%
5 Leavanny
78%
3 Lileep
78%
5 Lilligant
78%
5 Lillipup
78%
3 Linoone
78%
7 Litten
78%
5 Litwick
78%
3 Lombre
78%
4 Lopunny
78%
4 Lucario
78%
2 Lugia
78%
7 Lurantis
78%
3 Luvdisc
78%
4 Luxray
78%
3 Lairon
67%
2 Larvitar
67%
4 Leafeon
67%
9 Lechonk
67%
9 Lokix
67%
4 Lumineon
67%
7 Lunala
67%
3 Lunatone
67%
7 Lycanroc
67%
3 Loudred
56%
No matching quizzes found
Score Distribution
Percent of People with Each Score
Percentile by Number Answered
Your Score History
You have not taken this quiz